Statistics for Geography Analogies #3

Click here to take the quiz!

General Stats

  • This quiz has been taken 28,659 times
    (1,591 since last reset)
  • The average score is 17 of 20

Answer Stats

This is to this …As …% Correct
Yankee is to AmericaKiwi is to {New} {Zealand}
99%
Canada is to the
United States
{North} {Korea} is to
South Korea
98%
Arc de Triomphe
is to Paris
Brandenburg Gate
is to {Berlin}
96%
New York is to the UN{Brussels} is to the EU
95%
Caspian is to Azerbaijan{Black} is to Ukraine
92%
Borscht is to UkraineGoulash is to {Hungary}
91%
Manila is to Luzon{Tokyo} is to Honshu
91%
München is to KölnMunich is to {Cologne}
90%
Alexandria is to
Alexander the Great
{Constantinople} is to
Constantine
90%
Nepal is to HimalayasAndorra is to {Pyrenees}
89%
Sinhalese is to Sri LankaTagalog is to {Philippines}
88%
Bald Eagle is to
the United States
{Lion} is to England
81%
Nicaragua is to Costa Rica{Libya} is to Chad
81%
Scouser is to LiverpoolBrummie is to {Birmingham}
81%
Monaco is to PrinceDubai is to {Emir}
79%
Land of the Rising Sun
is to Japan
Middle Kingdom
is to {China}
77%
St. Andrew is to Scotland{St}. {George} is to England
71%
Burg is to German{Grad} is to Russian
64%
Vostok Station is to Cold{Death} {Valley} is to Hot
62%
Victoria is to
British Columbia
{Regina} is to
Saskatchewan
55%

Score Distribution

Percentile by Number Answered

Percent of People with Each Score

Your Score History

You have not taken this quiz since the last reset